| 000 | 01263nam2a2200253 4500 | ||
|---|---|---|---|
| 001 | RU\NLR\BIBL_A\010862364 | ||
| 005 | 20250624193054.0 | ||
| 010 |
_a978-5-903615-52-0 _9500 |
||
| 021 |
_aRU _b2015-71362 _94273 |
||
| 035 | _a(NLR Aleph) 010862364 | ||
| 090 |
_a10427174 _c10427174 |
||
| 100 | _a20151015d2015 |||y0rusy50 ca | ||
| 101 | 0 | _arus | |
| 102 | _aRU | ||
| 105 | _aac||z||||10yy | ||
| 200 | 0 | _aЧ. 2 | |
| 210 |
_d2015 _aБ. м. |
||
| 215 |
_a447 с. _cил., портр. |
||
| 300 | _aНа тит.л.: Победа! 70 лет | ||
| 461 | 0 |
_1001RU\NLR\BIBL_A\010981698 _12000#$aДети войны - дети Победы$eсборник воспоминаний$fАдминистрация Сергиево-Посад. р-на Моск. обл., Совет ветеранов Сергиево-Посад. р-на Моск. обл.$vЧ. 2 _910876388 _cСергиев Посад _d2015 _fАдминистрация Сергиево-Посад. р-на Моск. обл., Совет ветеранов Сергиево-Посад. р-на Моск. обл. _nРемарко _oсборник воспоминаний _tДети войны - дети Победы _vЧ. 2 |
|
| 942 | _cBOOK | ||
| 980 | _aNB | ||